<?xml version="1.0" encoding="UTF-8"?>
<record
    xmlns:xsi="http://www.w3.org/2001/XMLSchema-instance"
    xsi:schemaLocation="http://www.loc.gov/MARC21/slim http://www.loc.gov/standards/marcxml/schema/MARC21slim.xsd"
    xmlns="http://www.loc.gov/MARC21/slim">

  <leader>01793nam a22003137a 4500</leader>
  <controlfield tag="003">EG-NbEJU</controlfield>
  <controlfield tag="005">20260305114344.0</controlfield>
  <controlfield tag="008">260305s2008    |||al||f |||| 00| 0 eng d</controlfield>
  <datafield tag="020" ind1=" " ind2=" ">
    <subfield code="a">9780787996918</subfield>
    <subfield code="q">Hardcover</subfield>
  </datafield>
  <datafield tag="040" ind1=" " ind2=" ">
    <subfield code="a">EG-NbEJU</subfield>
    <subfield code="b">eng</subfield>
    <subfield code="c">EG-NbEJU</subfield>
  </datafield>
  <datafield tag="041" ind1=" " ind2=" ">
    <subfield code="a">eng</subfield>
  </datafield>
  <datafield tag="050" ind1=" " ind2=" ">
    <subfield code="a">AM5</subfield>
    <subfield code="b">.K68 2008</subfield>
  </datafield>
  <datafield tag="100" ind1=" " ind2=" ">
    <subfield code="a">Kotler, Neil G. .</subfield>
  </datafield>
  <datafield tag="245" ind1=" " ind2=" ">
    <subfield code="a">Museum marketing and strategy:</subfield>
    <subfield code="b">Designing missions, Building audiences, Generating Revenue and Resources /</subfield>
    <subfield code="c">Neil G. Kotler, Philip Kotler, Wendy I. Kotler.</subfield>
  </datafield>
  <datafield tag="250" ind1=" " ind2=" ">
    <subfield code="a">Second Edition</subfield>
  </datafield>
  <datafield tag="260" ind1=" " ind2=" ">
    <subfield code="a">San Francisco :</subfield>
    <subfield code="b">Jossey-Bass,</subfield>
    <subfield code="c">2008.</subfield>
  </datafield>
  <datafield tag="300" ind1=" " ind2=" ">
    <subfield code="a"> xxx, 511 Pages;</subfield>
    <subfield code="b">ll. ;</subfield>
    <subfield code="c">25 cm.</subfield>
  </datafield>
  <datafield tag="500" ind1=" " ind2=" ">
    <subfield code="a">Rev. ed. of: Museum strategy and marketing. c1998.</subfield>
  </datafield>
  <datafield tag="504" ind1=" " ind2=" ">
    <subfield code="a">Includes bibliographical references and index.</subfield>
  </datafield>
  <datafield tag="520" ind1=" " ind2=" ">
    <subfield code="a">Museum Marketing and Strategy: Designing Missions, Building Audiences, Generating Revenue and Resources by Neil G. Kotler, Philip Kotler, and Wendy I. Kotler examines how museums can apply marketing and strategic management principles to strengthen their role in society. The book explains how museums can develop clear missions, understand and expand their audiences, and create effective marketing strategies to increase public engagement. It also discusses methods for generating financial support, managing resources, and adapting to changes in the cultural and digital environment. Through practical examples and case studies, the authors show how museums can remain relevant, sustainable, and responsive to the needs of their communities.</subfield>
  </datafield>
  <datafield tag="650" ind1=" " ind2=" ">
    <subfield code="a">Museums</subfield>
    <subfield code="x">Planning.</subfield>
  </datafield>
  <datafield tag="650" ind1=" " ind2=" ">
    <subfield code="a"> Museum finance.</subfield>
  </datafield>
  <datafield tag="650" ind1=" " ind2=" ">
    <subfield code="a"> Museums </subfield>
    <subfield code="x">Marketing.</subfield>
  </datafield>
  <datafield tag="700" ind1=" " ind2=" ">
    <subfield code="a">Kotler, Philip. ,</subfield>
    <subfield code="e">Author</subfield>
  </datafield>
  <datafield tag="700" ind1=" " ind2=" ">
    <subfield code="a">Kotler, Wendy I.</subfield>
    <subfield code="e">Author</subfield>
  </datafield>
  <datafield tag="901" ind1=" " ind2=" ">
    <subfield code="a">Rowan</subfield>
  </datafield>
  <datafield tag="942" ind1=" " ind2=" ">
    <subfield code="2">lcc</subfield>
    <subfield code="c">BK</subfield>
    <subfield code="n">0</subfield>
  </datafield>
  <datafield tag="999" ind1=" " ind2=" ">
    <subfield code="c">7712</subfield>
    <subfield code="d">7712</subfield>
  </datafield>
  <datafield tag="952" ind1=" " ind2=" ">
    <subfield code="0">0</subfield>
    <subfield code="1">0</subfield>
    <subfield code="2">lcc</subfield>
    <subfield code="4">0</subfield>
    <subfield code="7">0</subfield>
    <subfield code="a">EJUST</subfield>
    <subfield code="b">EJUST</subfield>
    <subfield code="d">2026-03-05</subfield>
    <subfield code="l">0</subfield>
    <subfield code="o">AM5 .K68 2008</subfield>
    <subfield code="p">10015596</subfield>
    <subfield code="r">2026-03-05 11:42:00</subfield>
    <subfield code="t">C. 1</subfield>
    <subfield code="w">2026-03-05</subfield>
    <subfield code="y">NCBK</subfield>
  </datafield>
</record>
